LEADER 00898nam0-22003131i-450- 001 990000504770403321 005 20080128161628.0 035 $a000050477 035 $aFED01000050477 035 $a(Aleph)000050477FED01 035 $a000050477 100 $a20020821d1955----km-y0itay50------ba 101 0 $afre 105 $aa-------001yy 200 1 $aChamps de vecteurs et de tenseurs$eintroduction a l'electro-magnetisme$fEdmond Bauer 210 $aParis$cMasson$d1955 215 $a204 p.$cill.$d26 cm 610 0 $aAnalisi vettoriale 610 0 $aCalcolo tensoriale 610 0 $aElettromagnetismo 676 $a515.63 700 1$aBauer,$bEdmond$f<1888-1963>$045019 801 0$aIT$bUNINA$gRICA$2UNIMARC 901 $aBK 912 $a990000504770403321 952 $a10 E III 3$b3322$fDINEL 959 $aDINEL 996 $aChamps de vecteurs et de tenseurs$9330113 997 $aUNINA LEADER 00767nam0-22002891i-450 001 990005495540203316 005 20210125110344.0 035 $a000549554 035 $aUSA01000549554 035 $a(ALEPH)000549554USA01 100 $a20010829d1963----km y1itay5003----ba 101 0 $aita 102 $aIT 200 1 $aCentro - sinistra '62$fAmintore Fanfani 210 $aMilano$cGarzanti$d1963 215 $a243 p.$cill., 6 tav.$d21 cm 517 1 $aCentro - sinistra sessantadue 606 0 $aPartiti$2BNCF 676 $a329 700 1$aFANFANI,$bAmintore$0121366 801 0$aIT$bSOL$c20120104 912 $a990005495540203316 951 $a300 329 FAN$b2184 DISES 959 $aBK 969 $aDISES 996 $aCentro-sinistra '62$9305558 997 $aUNISA